Тезисы докладов научной сессии, посвященной итогам экспедиционных исследований института ИЯЛ в 1990-1991 гг., 16-17 июня 1992 г. (Запись № 7228826)

Подробности
000 -МАРКЕР
контрольное поле 01321nam0a22002531 4500
001 - ИДЕНТИФИКАТОР ЗАПИСИ
контрольное поле rc\30031
005 - ИДЕНТИФИКАТОР ВЕРСИИ
контрольное поле 20260406152841.0
035 ## - ДРУГИЕ СИСТЕМНЫЕ НОМЕРА
Идентификатор записи (NLR Aleph) 005396150
100 ## - ДАННЫЕ ОБЩЕЙ ОБРАБОТКИ
Данные общей обработки 20021216d1992 |||y0rusy50 ca
101 0# - ЯЗЫК РЕСУРСА
Язык текста, звукозаписи и т.д. русский
102 ## - СТРАНА ПУБЛИКАЦИИ ИЛИ ПРОИЗВОДСТВА
Страна публикации Российская Федерация
105 ## - ПОЛЕ КОДИРОВАННЫХ ДАННЫХ: ТЕКСТОВЫЕ МАТЕРИАЛЫ, МОНОГРАФИЧЕСКИЕ
Кодированные данные о монографическом текстовом документе y |||||||||
200 1# - ЗАГЛАВИЕ И СВЕДЕНИЯ ОБ ОТВЕТСТВЕННОСТИ
Основное заглавие Тезисы докладов научной сессии, посвященной итогам экспедиционных исследований института ИЯЛ в 1990-1991 гг., 16-17 июня 1992 г.
Сведения, относящиеся к заглавию Рос. акад. наук. Даг. науч. центр. Ин-т истории, археологии и этнографии; Ин-т яз., лит. и искусства им. Г. Цадасы
210 ## - ПУБЛИКАЦИЯ, РАСПРОСТРАНЕНИЕ И ДР.
Место издания, распространения и т.д. Махачкала
Имя издателя, распространителя и т. д. ДНЦ РАН
Дата издания, распространения и т.д. 1992
215 ## - ФИЗИЧЕСКАЯ ХАРАКТЕРИСТИКА
Специфическое обозначение материала и объем 100 с.
Размеры 20
320 ## - ПРИМЕЧАНИЯ О НАЛИЧИИ В ДОКУМЕНТЕ БИБЛИОГРАФИИ / УКАЗАТЕЛЯ
Текст примечания Имен. указ.: с. 178-179
710 02 - НАИМЕНОВАНИЕ ОРГАНИЗАЦИИ - ПЕРВИЧНАЯ ОТВЕТСТВЕННОСТЬ
Начальный элемент ввода Институт языка, литературы и искусства им. Г. Цадасы
Структурное подразделение Научная сессия, посвященная итогам экспедиционных исследований Института в 1990-1991 гг.
Идентифицирующий признак Махачкала
Дата проведения временной организации 1992
Системный номер авторитетной/нормативной записи 352232
Идентификатор авторитетной/нормативной записи RU\NLR\AUTH\889928302
801 #0 - ИСТОЧНИК ЗАПИСИ
Страна Российская Федерация
Организация NLR
Правила каталогизации psbo
801 #1 - ИСТОЧНИК ЗАПИСИ
Страна Российская Федерация
Организация ELAR
Источник данных rusmarc
852 ## - МЕСТОНАХОЖДЕНИЕ И ШИФР ХРАНЕНИЯ
Идентификатор организации NLR
Шифр хранения (Call Number) 92-3/6123
942 ## - ДОПОЛНИТЕЛЬНЫЕ ЭЛЕМЕНТЫ ЗАПИСИ (АБИС)
Тип экземпляра АБИС Книга
980 ## - КОЛЛЕКЦИЯ
Название коллекции Национальная библиография
Экземпляры
Тип экземпляра Дата поступления Библиотека постоянного хранения Библиотека текущего хранения Место хранения Шифр хранения Штрих-код Статус экземпляра
Книга 26.10.2013 РНБ (Московский) РНБ (Московский) Русский книжный фонд: издания с 1957 года 92-3/6123 5396150-10